Online Catalogue and eLibrary

Ilakkiya uraiyadalkal (Record no. 4661)

MARC details
000 -LEADER
fixed length control field 00427nam a2200181Ia 4500
005 - DATE AND TIME OF LATEST TRANSACTION
control field 20250317172648.0
008 - FIXED-LENGTH DATA ELEMENTS--GENERAL INFORMATION
fixed length control field 240331s9999 xx 000 0 und d
020 ## - INTERNATIONAL STANDARD BOOK NUMBER
ISBN
082 ## - DDC Classification
Item Number - Author Mark JEY
Class No. 894
100 ## - MAIN ENTRY--PERSONAL NAME
Personal name Jeyamohan,S
245 #0 - TITLE STATEMENT
Title Ilakkiya uraiyadalkal
260 ## - PUBLICATION, DISTRIBUTION, ETC.
Place of publication, distribution, etc. Chennai
Name of publisher, distributor, etc. anyindian Pathippagam
Date of publication, distribution, etc. 2006
300 ## - PHYSICAL DESCRIPTION
Extent (e.g. Volumes, Pages etc.) 286 p .,
650 ## - SUBJECT ADDED ENTRY--TOPICAL TERM
Topical term or geographic name entry element Ayal kural
650 ## - SUBJECT ADDED ENTRY--TOPICAL TERM
Topical term or geographic name entry element marabin kural
650 ## - SUBJECT ADDED ENTRY--TOPICAL TERM
Topical term or geographic name entry element muthal kural
942 ## - Koha item type (Biblio)
Koha item type Books in Stacks (Lending)
Holdings
Lost status Damaged status Collection code Home library Current library Shelving location Date acquired Full call number Accession Number Item type
    Lending WERC Library WERC Library Social Science Cupboard 03/31/2024 894.811 JEY 5914 Books in Stacks (Lending)

© WERC Library